[Event "EGY-chT"]
[Site "Egypt"]
[Date "2016.05.13"]
[Round "9.5"]
[White "El Ghazali, Youssef M"]
[Black "Hesham, Abdelrahman"]
[Result "1/2-1/2"]
[WhiteElo "2273"]
[BlackElo "2390"]
[PlyCount "86"]
[EventDate "2016.05.05"]
[EventType "team-tourn"]
[EventRounds "9"]
[EventCountry "EGY"]
[SourceTitle "CBM 172 Extra"]
[Source "ChessBase"]
[SourceDate "2016.06.21"]
[SourceVersion "1"]
[SourceVersionDate "2016.06.21"]
[SourceQuality "1"]
[WhiteTeam "Elhawar"]
[BlackTeam "Sharkia Dokhan"]
[WhiteTeamCountry "EGY"]
[BlackTeamCountry "EGY"]

1. c4 c5 2. Nc3 Nf6 3. e4 d6 4. Nge2 g6 5. d4 cxd4 6. Nxd4 Bg7 7. Be2 0-0 8. 0-0 Nc6 9. Be3 Bd7 10. f4 Nxd4 11. Bxd4 Bc6 12. Bf3 Nd7 13. Rc1 Bxd4+ 14. Qxd4 Qb6 15. Qxb6 Nxb6 16. b3 a5 17. Rfe1 f6 18. Nd5 Bxd5 19. exd5 Kf7 20. c5 Nc8 21. c6 Ra7 22. h4 Nb6 23. h5 Rc8 24. hxg6+ hxg6 25. a3 bxc6 26. dxc6 e6 27. b4 axb4 28. axb4 d5 29. b5 Ke7 30. Bg4 f5 31. Bf3 Kd6 32. Kf2 Ra5 33. Rb1 Ra4 34. Kg3 g5 35. fxg5 Rg8 36. Ra1 Rxg5+ 37. Kf2 Rxa1 38. Rxa1 Rg7 39. Rh1 Ra7 40. Rh8 d4 41. Rd8+ Kc5 42. Re8 Kd6 43. Rd8+ Kc5 1/2-1/2

[Event "Arab Clubs-chT"]
[Site "Agadir"]
[Date "2015.10.14"]
[Round "3.4"]
[White "Messala, Nouredine"]
[Black "El Ghazali, Youssef M"]
[Result "0-1"]
[WhiteElo "2084"]
[BlackElo "2301"]
[PlyCount "51"]
[EventDate "2015.10.13"]
[EventType "team-swiss"]
[EventRounds "9"]
[EventCountry "MAR"]
[SourceTitle "CBM 170 Extra"]
[Source "ChessBase"]
[SourceDate "2016.02.25"]
[SourceVersion "1"]
[SourceVersionDate "2016.02.25"]
[SourceQuality "1"]
[WhiteTeam "Raja Casa"]
[BlackTeam "Al Hawar"]
[WhiteTeamCountry "MAR"]
[BlackTeamCountry "EGY"]

1. d4 Nf6 2. c4 a6 3. Bg5 b5 4. Bxf6 exf6 5. e3 bxc4 6. Bxc4 d5 7. Bd3 Bb4+ 8. Nd2 0-0 9. Ne2 f5 10. 0-0 Nc6 11. Rc1 Ne7 12. Nb3 Bd6 13. Qc2 Bd7 14. Nc5 Bb5 15. Nb7 Bxd3 16. Qxd3 Qd7 17. Nxd6 Qxd6 18. Qc3 c6 19. Nf4 Rfb8 20. Nd3 a5 21. Rc2 a4 22. Rfc1 g6 23. Qa3 Qe6 24. Nb4 Qd6 25. Rc5 Rb5 26. Rxb5 0-1

[Event "Al Ain op 1st"]
[Site "Al Ain"]
[Date "2012.12.22"]
[Round "1"]
[White "El Ghazali, Youssef M"]
[Black "Tissir, Mohamed"]
[Result "0-1"]
[WhiteElo "2244"]
[BlackElo "2411"]
[PlyCount "88"]
[EventDate "2012.12.22"]
[EventType "swiss"]
[EventRounds "9"]
[EventCountry "UAE"]
[SourceTitle "CBM 152 Extra"]
[Source "ChessBase"]
[SourceDate "2013.02.25"]
[SourceVersion "1"]
[SourceVersionDate "2013.02.25"]
[SourceQuality "1"]

1. Nf3 Nf6 2. g3 g6 3. Bg2 Bg7 4. 0-0 0-0 5. c4 d5 6. d4 dxc4 7. Na3 Nc6 8. Nxc4 Be6 9. b3 a5 10. Bb2 Bd5 11. Rc1 Ra6 12. Ne3 Be4 13. Ne5 Bxg2 14. Kxg2 a4 15. Nxc6 bxc6 16. Nc4 axb3 17. axb3 Qd5+ 18. Kg1 Rb8 19. Qd3 Ra2 20. Ra1 Rxa1 21. Rxa1 Qe6 22. Nd2 Nd5 23. Ba3 Qg4 24. e3 Ra8 25. Nc4 Qh5 26. Qd1 Qh3 27. Bc5 Rb8 28. b4 Qe6 29. Qb3 h5 30. Nd2 Qh3 31. e4 Nf6 32. Qf3 Nd7 33. e5 Nxc5 34. bxc5 Bh6 35. Rb1 Rd8 36. Nb3 Qe6 37. Kg2 h4 38. g4 Rb8 39. Nd2 Rxb1 40. Nxb1 Qc4 41. Qe4 e6 42. h3 Bc1 43. Kf3 Qf1 44. Nc3 Qxh3+ 0-1

[Event "EGY-chT 1011"]
[Site "Egypt"]
[Date "2010.10.01"]
[Round "2.6"]
[White "El Ghazali, Youssef M"]
[Black "Sadek, Sameh"]
[Result "1/2-1/2"]
[WhiteElo "2349"]
[BlackElo "2338"]
[PlyCount "83"]
[EventDate "2010.09.24"]
[EventType "team"]
[EventRounds "22"]
[EventCountry "EGY"]
[SourceTitle "EXT 2013"]
[Source "ChessBase"]
[SourceDate "2012.11.22"]
[SourceVersion "1"]
[SourceVersionDate "2012.11.22"]
[SourceQuality "1"]
[WhiteTeam "Sharkia Dokhan"]
[BlackTeam "El Dakhlia"]
[WhiteTeamCountry "EGY"]
[BlackTeamCountry "EGY"]

1. Nf3 d5 2. c4 c6 3. e3 Nf6 4. Nc3 g6 5. b3 Bg7 6. Bb2 0-0 7. Be2 Bg4 8. 0-0 Nbd7 9. cxd5 cxd5 10. d4 Qa5 11. Qd2 Rfc8 12. Rfd1 e6 13. Rac1 Bf8 14. a3 Qb6 15. b4 Qd8 16. Ne5 Bxe2 17. Qxe2 Nb6 18. e4 Nxe4 19. Nxe4 dxe4 20. Qxe4 Nd5 21. h4 Rxc1 22. Rxc1 Rc8 23. Rxc8 Qxc8 24. h5 Bg7 25. hxg6 hxg6 26. g3 Qc7 27. Qd3 Bf6 28. Kg2 Kg7 29. Ng4 Qc6 30. Kh3 Be7 31. Qd2 Qc4 32. Ne3 Qb3 33. Nxd5 exd5 34. Kg2 Bf6 35. Qc3 Qxc3 36. Bxc3 Kf8 37. Kf1 b5 38. Ke2 Bg5 39. Kd3 Ke7 40. f4 Bh6 41. Bd2 Kf6 42. Bc1 1/2-1/2

[Event "EGY-ch"]
[Site "Cairo"]
[Date "2009.07.16"]
[Round "9"]
[White "El Ghazali, Youssef M"]
[Black "El Gindy, Essam"]
[Result "1-0"]
[WhiteElo "2362"]
[BlackElo "2501"]
[PlyCount "59"]
[EventDate "2009.07.08"]
[EventType "tourn"]
[EventRounds "9"]
[EventCountry "EGY"]
[EventCategory "7"]
[SourceTitle "CBM 131 Extra"]
[Source "ChessBase"]
[SourceDate "2009.09.03"]
[SourceVersion "2"]
[SourceVersionDate "2009.09.16"]
[SourceQuality "1"]

1. c4 c5 2. Nc3 Nc6 3. g3 g6 4. Bg2 Bg7 5. Nf3 e5 6. d3 d6 7. a3 a5 8. 0-0 Nge7 9. Rb1 0-0 10. Ne1 Nf5 11. Nc2 Nfd4 12. Ne3 f5 13. Ned5 f4 14. e3 fxe3 15. fxe3 Rxf1+ 16. Qxf1 Nb3 17. Nb5 Ne7 18. Nf6+ Kh8 19. Ne4 Ra6 20. Ng5 Kg8 21. Qf7+ Kh8 22. Bxb7 Bxb7 23. Ne6 Qg8 24. Qxe7 Bc8 25. Nbc7 Rb6 26. Nxg7 Qxg7 27. Qd8+ Qg8 28. Ne8 Qf8 29. Qxc8 Qf3 30. Nf6+ 1-0

[Event "EGY-ch"]
[Site "Cairo"]
[Date "2009.07.13"]
[Round "6"]
[White "Adly, Ahmed"]
[Black "El Ghazali, Youssef M"]
[Result "1/2-1/2"]
[WhiteElo "2548"]
[BlackElo "2362"]
[PlyCount "109"]
[EventDate "2009.07.08"]
[EventType "tourn"]
[EventRounds "9"]
[EventCountry "EGY"]
[EventCategory "7"]
[SourceTitle "CBM 131 Extra"]
[Source "ChessBase"]
[SourceDate "2009.09.03"]
[SourceVersion "2"]
[SourceVersionDate "2009.09.16"]
[SourceQuality "1"]

1. d4 Nf6 2. Nf3 e6 3. g3 c5 4. Bg2 Nc6 5. 0-0 cxd4 6. Nxd4 Bc5 7. Nb3 Be7 8. c4 d6 9. Nc3 0-0 10. Bf4 a6 11. Qd2 Ng4 12. Na4 e5 13. Be3 Nxe3 14. Qxe3 Be6 15. Nb6 Rb8 16. Nd5 Bxd5 17. Bxd5 Nb4 18. Qd2 Qb6 19. Rfc1 Kh8 20. Rc3 f5 21. a3 Nc6 22. Qe3 Qd8 23. Rd1 Bf6 24. Qd2 e4 25. Rc2 Bg5 26. Qe1 Qb6 27. c5 dxc5 28. Nxc5 Rfd8 29. Ne6 Rxd5 30. Rxd5 Ne7 31. Nxg5 Nxd5 32. Qd2 Nf6 33. Qf4 Re8 34. Qxf5 h6 35. Nf7+ Kg8 36. Ne5 Qb5 37. Rc8 Rxc8 38. Qxc8+ Kh7 39. Qf5+ Kg8 40. Qe6+ Kh7 41. Ng4 Qxb2 42. Nxf6+ gxf6 43. Qxe4+ Kg7 44. h4 h5 45. a4 b5 46. Qb7+ Kg6 47. Qxa6 Qa1+ 48. Kg2 bxa4 49. e4 Qd4 50. e5 Qe4+ 51. Kh2 Qf3 52. Qb6 a3 53. e6 a2 54. e7 Qe2 55. Qd8 1/2-1/2

[Event "EGY-ch"]
[Site "Cairo"]
[Date "2009.07.09"]
[Round "2"]
[White "El Ghazali, Youssef M"]
[Black "Amin, Bassem"]
[Result "0-1"]
[WhiteElo "2362"]
[BlackElo "2551"]
[PlyCount "176"]
[EventDate "2009.07.08"]
[EventType "tourn"]
[EventRounds "9"]
[EventCountry "EGY"]
[EventCategory "7"]
[SourceTitle "CBM 131 Extra"]
[Source "ChessBase"]
[SourceDate "2009.09.03"]
[SourceVersion "2"]
[SourceVersionDate "2009.09.16"]
[SourceQuality "1"]

1. c4 Nf6 2. Nc3 g6 3. g3 Bg7 4. Bg2 0-0 5. e4 e5 6. Nge2 d6 7. d3 c6 8. 0-0 a6 9. h3 b5 10. f4 Qb6+ 11. Kh2 Bb7 12. g4 exf4 13. Bxf4 Ne8 14. Qd2 Nd7 15. Rab1 bxc4 16. dxc4 Ne5 17. b3 Rd8 18. Rbd1 Qa7 19. Qe3 Qxe3 20. Bxe3 Nc7 21. Bb6 Rd7 22. Rd2 Na8 23. Be3 c5 24. Rfd1 Rfd8 25. Bf4 Bc6 26. Bg5 f6 27. Be3 Nc7 28. Nf4 Bh6 29. Ncd5 Bxd5 30. Nxd5 Nxd5 31. Bxh6 Nc7 32. Rc2 Ne8 33. Bd2 g5 34. Ba5 Rb8 35. Rcd2 Kf7 36. Kg3 Ke6 37. Rh1 Ng6 38. Bf3 Ke7 39. Rhd1 Ng7 40. Bc3 Ne6 41. Rd5 Ne5 42. Rh1 Nf4 43. Rd2 Nfg6 44. Bd1 Rh8 45. Be2 Rb8 46. Bd1 Ke6 47. Be2 h6 48. Bd1 Rh7 49. Rf1 Rg8 50. b4 Rc8 51. Bb3 h5 52. Rfd1 Nf7 53. bxc5 Rxc5 54. Bb4 hxg4 55. hxg4 Nf4 56. Rh2 Rxh2 57. Kxh2 a5 58. Bxc5 dxc5 59. Kg3 Nd6 60. Kf3 Ng6 61. Bc2 Ne5+ 62. Kg3 Nc6 63. Bd3 Ne5 64. Bc2 Nc6 65. a3 Nd4 66. Bd3 Nc6 67. Rb1 Ne5 68. Bc2 Nexc4 69. Bb3 Nxe4+ 70. Kg2 Ned2 71. Bxc4+ Nxc4 72. Rb5 Kd5 73. a4 Kd4 74. Kg3 Nd6 75. Rxa5 c4 76. Ra7 c3 77. Rd7 Kd5 78. Rh7 c2 79. Rh1 Ne4+ 80. Kg2 Kd4 81. a5 Nc5 82. Kf3 Kd3 83. Rg1 Kd2 84. a6 Nxa6 85. Ke4 Nc5+ 86. Kf5 Nd7 87. Rg2+ Kc3 88. Ke6 Nc5+ 0-1

[Event "EGY-ch"]
[Site "Cairo"]
[Date "2009.07.08"]
[Round "1"]
[White "Wageih, Kareim"]
[Black "El Ghazali, Youssef M"]
[Result "1-0"]
[WhiteElo "2253"]
[BlackElo "2362"]
[PlyCount "105"]
[EventDate "2009.07.08"]
[EventType "tourn"]
[EventRounds "9"]
[EventCountry "EGY"]
[EventCategory "7"]
[SourceTitle "CBM 131 Extra"]
[Source "ChessBase"]
[SourceDate "2009.09.03"]
[SourceVersion "2"]
[SourceVersionDate "2009.09.16"]
[SourceQuality "1"]

1. d4 Nf6 2. Nf3 e6 3. e3 b6 4. Bd3 c5 5. c4 Be7 6. Nc3 0-0 7. d5 exd5 8. cxd5 d6 9. h3 Ba6 10. e4 b5 11. a3 b4 12. axb4 Bxd3 13. Qxd3 cxb4 14. Na4 Re8 15. 0-0 Bf8 16. Re1 Nbd7 17. Nd4 Rc8 18. Bg5 h6 19. Bh4 Ne5 20. Qb3 Ng6 21. Nc6 Qd7 22. Bxf6 gxf6 23. Qxb4 f5 24. Nc3 Bg7 25. Rxa7 Bxc3 26. Qxc3 Qxa7 27. Nxa7 Rxc3 28. bxc3 Rxe4 29. Rxe4 fxe4 30. Nc8 Nf4 31. c4 Kf8 32. Nxd6 Ne2+ 33. Kf1 Nc3 34. Ke1 Ke7 35. Nf5+ Kf6 36. Nxh6 Na4 37. Ng4+ Kf5 38. Kd2 Kf4 39. d6 Nc5 40. Kc3 f5 41. g3+ Kf3 42. Nh6 Kxf2 43. Nxf5 e3 44. Nxe3 Kxe3 45. Kb4 Kd4 46. Kb5 Ne6 47. d7 Ke5 48. Kc6 Kf6 49. Kd6 Nd8 50. c5 Nf7+ 51. Kc7 Ke7 52. c6 Nd8 53. h4 1-0

[Event "EGY-ch final"]
[Site "Cairo"]
[Date "2007.12.09"]
[Round "8"]
[White "El Ghazali, Youssef M"]
[Black "Amin, Ashraf"]
[Result "1-0"]
[WhiteElo "2330"]
[BlackElo "2309"]
[PlyCount "67"]
[EventDate "2007.12.01"]
[EventType "swiss"]
[EventRounds "9"]
[EventCountry "EGY"]
[SourceTitle "EXT 2019"]
[Source "ChessBase"]
[SourceDate "2018.10.10"]
[SourceVersion "1"]
[SourceVersionDate "2018.10.10"]
[SourceQuality "1"]

1. c4 e6 2. Nf3 Nf6 3. Nc3 d5 4. d4 c6 5. e3 Nbd7 6. Bd3 dxc4 7. Bxc4 b5 8. Bd3 Bb7 9. 0-0 a6 10. Qe2 c5 11. Rd1 Qc7 12. e4 cxd4 13. Nxd4 Bc5 14. Be3 0-0 15. Rac1 Qb6 16. Bb1 e5 17. Nf5 Bxe3 18. fxe3 b4 19. Nd5 Bxd5 20. exd5 e4 21. Rc6 Qb5 22. Qf2 Qb8 23. d6 Qb5 24. Rc7 Rfe8 25. h3 Qe5 26. Rc4 a5 27. Rdd4 Nb6 28. Rc7 Nbd7 29. Bc2 g6 30. Nh6+ Kg7 31. Nxf7 Qh5 32. Ba4 Rf8 33. Bxd7 Rxf7 34. Be6 1-0

[Event "Golden Cleopatra op 7th"]
[Site "Cairo"]
[Date "2003.06.09"]
[Round "8"]
[White "El Ghazali, Youssef M"]
[Black "Elgabry, Mohsen"]
[Result "1-0"]
[WhiteElo "2340"]
[BlackElo "2294"]
[PlyCount "149"]
[EventDate "2003.06.03"]
[EventType "swiss"]
[EventRounds "10"]
[EventCountry "EGY"]
[SourceTitle "CBM 094 Extra"]
[Source "ChessBase"]
[SourceDate "2003.07.09"]
[SourceVersion "2"]
[SourceVersionDate "2003.07.09"]
[SourceQuality "1"]

1. c4 c5 2. Nc3 g6 3. d4 cxd4 4. Qxd4 Nf6 5. Bg5 Bg7 6. Nf3 Nc6 7. Qd2 h6 8. Bf4 d6 9. e4 g5 10. Bg3 Nh5 11. Be2 Be6 12. Nd5 Rc8 13. 0-0 Nxg3 14. hxg3 a5 15. Rac1 0-0 16. b3 f5 17. exf5 Bxf5 18. Bd3 e6 19. Bxf5 Rxf5 20. Ne3 Rf7 21. Rfe1 Rd7 22. Rcd1 Qf8 23. Qd3 Qf7 24. Qe4 Rf8 25. Re2 Rfd8 26. Ng4 Re7 27. Red2 d5 28. Qe2 Qf5 29. Nd4 Nxd4 30. Rxd4 Kf8 31. R4d3 Ke8 32. cxd5 exd5 33. Re3 Rxe3 34. Nxe3 Qe6 35. Qb5+ Qc6 36. Rxd5 Rxd5 37. Qxd5 Qxd5 38. Nxd5 Kd7 39. Kf1 Ke6 40. Ne3 b5 41. Ke2 h5 42. Kd3 Be5 43. Ke4 Bb8 44. f4 a4 45. Nf5 Kf6 46. Nd4 axb3 47. axb3 b4 48. Nf3 g4 49. Ne5 Ba7 50. Nd3 Ke6 51. f5+ Kf6 52. Nxb4 Bb8 53. Nd5+ Kg5 54. Nf4 Bd6 55. Ne2 Kf6 56. Kd5 Bb8 57. b4 Kxf5 58. b5 Ba7 59. Kc6 Ke4 60. b6 Bb8 61. Kb7 Be5 62. Kc8 Ke3 63. Nf4 h4 64. Nd5+ Kd4 65. Ne7 Bxg3 66. Nf5+ Kc5 67. b7 Bf4 68. Nxh4 Kd5 69. Ng6 Bg3 70. Nf8 Kc5 71. Nd7+ Kd4 72. Nf6 Kc5 73. Nxg4 Kd4 74. Nf6 Kc4 75. Ne8 1-0

[Event "Golden Cleopatra op 7th"]
[Site "Cairo"]
[Date "2003.06.08"]
[Round "7"]
[White "Elbasuny, Fahmy"]
[Black "El Ghazali, Youssef M"]
[Result "1-0"]
[WhiteElo "2232"]
[BlackElo "2340"]
[PlyCount "105"]
[EventDate "2003.06.03"]
[EventType "swiss"]
[EventRounds "10"]
[EventCountry "EGY"]
[SourceTitle "CBM 094 Extra"]
[Source "ChessBase"]
[SourceDate "2003.07.09"]
[SourceVersion "2"]
[SourceVersionDate "2003.07.09"]
[SourceQuality "1"]

1. d4 Nf6 2. Nf3 e6 3. g3 c5 4. Bg2 Nc6 5. 0-0 d5 6. c4 dxc4 7. Ne5 Bd7 8. Nxc6 Bxc6 9. Bxc6+ bxc6 10. dxc5 Bxc5 11. Qa4 0-0 12. Qxc4 Qd5 13. Nd2 Rab8 14. a3 a5 15. Qh4 Rb5 16. Nf3 e5 17. Bg5 Be7 18. Rfd1 Qe6 19. Rd2 Rfb8 20. Qa4 e4 21. Nd4 Qh3 22. Bxf6 Rh5 23. e3 Qxh2+ 24. Kf1 Bxf6 25. Ke2 Qg2 26. Rf1 Bxd4 27. Qxd4 Qf3+ 28. Ke1 Rd5 29. Qc3 Rbd8 30. Rd4 h6 31. Kd2 c5 32. Rxd5 Rxd5+ 33. Kc1 Qe2 34. Qe1 Qc4+ 35. Kb1 a4 36. Rh1 Qd3+ 37. Ka1 Qc2 38. Qb1 Rd2 39. Qxc2 Rxc2 40. Rf1 g5 41. Kb1 Re2 42. g4 Kg7 43. Rc1 Rxf2 44. Rxc5 Rg2 45. Ra5 Rxg4 46. Rxa4 h5 47. Rc4 h4 48. Rc1 h3 49. Rh1 Rh4 50. a4 g4 51. a5 g3 52. a6 g2 53. Rg1 1-0

[Event "Tanta op 5th"]
[Site "Tanta"]
[Date "2002.05.14"]
[Round "2"]
[White "Fekri, Wael"]
[Black "El Ghazali, Youssef M"]
[Result "0-1"]
[WhiteElo "2087"]
[BlackElo "2303"]
[PlyCount "143"]
[EventDate "2002.05.13"]
[EventType "swiss"]
[EventRounds "9"]
[EventCountry "EGY"]
[SourceTitle "CBM 088 Extra"]
[Source "ChessBase"]
[SourceDate "2002.07.01"]
[SourceVersion "2"]
[SourceVersionDate "2002.07.01"]
[SourceQuality "1"]

1. a3 g6 2. d4 Bg7 3. e4 d6 4. Nc3 e5 5. dxe5 dxe5 6. Qxd8+ Kxd8 7. Bc4 f6 8. Be3 Nd7 9. 0-0-0 Bh6 10. Nge2 Bxe3+ 11. fxe3 c6 12. h4 Ke7 13. h5 Nh6 14. hxg6 hxg6 15. Rh2 Nb6 16. Bb3 Be6 17. Rdh1 Bxb3 18. cxb3 Nf7 19. Rh7 Rxh7 20. Rxh7 Kf8 21. Nd1 Kg8 22. Rh1 Rd8 23. Rf1 Kg7 24. Nf2 Rd6 25. Kc2 Nd7 26. Nc1 Ng5 27. b4 Nf8 28. Nb3 b6 29. Nd2 Nfh7 30. Nc4 Rd8 31. Kb3 Nf8 32. Rc1 Nfe6 33. a4 Kf7 34. Rc2 Ke7 35. a5 Rb8 36. Rc1 c5 37. axb6 axb6 38. Ra1 Rb7 39. b5 Nc7 40. Na3 Ra7 41. Rh1 Ra5 42. Rh6 Kf7 43. Rh8 Ra8 44. Rh1 Ke6 45. Rd1 Nf7 46. Nc4 Nxb5 47. Nxb6 Rb8 48. Na4 Nbd6+ 49. Kc2 Rb5 50. Nc3 Ra5 51. Rd5 Nc4 52. Rd3 Ng5 53. Nd5 Nd6 54. Nxf6 c4 55. Rd1 Ra7 56. Nd5 Ngxe4 57. Nxe4 Nxe4 58. Nc3 Nd6 59. Rd5 Rf7 60. Rd2 g5 61. Na4 Ne4 62. Re2 g4 63. Nc3 Nc5 64. e4 g3 65. Nd1 Rf4 66. Nc3 Nb3 67. Kd1 Nd4 68. Re3 Rf1+ 69. Re1 Rf2 70. Ne2 Rxg2 71. Nxd4+ exd4 72. Kc1 0-1

[Event "Golden Cleopatra op 6th"]
[Site "Cairo"]
[Date "2002.04.15"]
[Round "9"]
[White "El Ghazali, Youssef M"]
[Black "Tissir, Mohamed"]
[Result "1-0"]
[WhiteElo "2362"]
[BlackElo "2368"]
[PlyCount "93"]
[EventDate "2002.04.07"]
[EventType "swiss"]
[EventRounds "11"]
[EventCountry "EGY"]
[SourceTitle "CBM 087 Extra"]
[Source "ChessBase"]
[SourceDate "2002.05.03"]
[SourceVersion "2"]
[SourceVersionDate "2002.08.09"]
[SourceQuality "1"]

1. c4 Nf6 2. g3 e6 3. Bg2 d5 4. Nf3 dxc4 5. Qa4+ c6 6. Qxc4 Be7 7. 0-0 0-0 8. d4 b5 9. Qc2 Bb7 10. Nc3 Qb6 11. e4 c5 12. e5 Nd5 13. Nxd5 Bxd5 14. Bg5 f6 15. exf6 gxf6 16. Bh6 Rf7 17. Nh4 Bxg2 18. Nxg2 Nd7 19. Qe4 Rc8 20. d5 Ne5 21. f4 exd5 22. Qf5 Nd7 23. Qxd7 Rd8 24. Qg4+ Kh8 25. Qh5 Kg8 26. Nh4 c4+ 27. Kh1 d4 28. Nf5 Qb7+ 29. Rf3 Bc5 30. Nh4 Qd5 31. Qg4+ Kh8 32. Re1 d3 33. Nf5 Qb7 34. Kg2 d2 35. Rd1 Rd3 36. Bg7+ Rxg7 37. Qxg7+ Qxg7 38. Nxg7 Rd7 39. Ne6 Bb6 40. a3 a5 41. f5 Kg8 42. Rf4 Rd3 43. a4 Be3 44. Rg4+ Kf7 45. axb5 c3 46. bxc3 Rxc3 47. b6 1-0

[Event "Golden Cleopatra op 6th"]
[Site "Cairo"]
[Date "2002.04.13"]
[Round "7"]
[White "El Ghazali, Youssef M"]
[Black "Amin, Ashraf"]
[Result "1/2-1/2"]
[WhiteElo "2362"]
[BlackElo "2251"]
[PlyCount "149"]
[EventDate "2002.04.07"]
[EventType "swiss"]
[EventRounds "11"]
[EventCountry "EGY"]
[SourceTitle "CBM 087 Extra"]
[Source "ChessBase"]
[SourceDate "2002.05.03"]
[SourceVersion "2"]
[SourceVersionDate "2002.08.09"]
[SourceQuality "1"]

1. c4 Nf6 2. g3 c5 3. Bg2 d5 4. cxd5 Nxd5 5. Nf3 Nc6 6. d4 e6 7. 0-0 cxd4 8. Nxd4 Be7 9. Nxc6 bxc6 10. e4 Nf6 11. Qa4 Bd7 12. Nc3 e5 13. Rd1 Qb6 14. Qc2 Bg4 15. Rd3 0-0 16. Be3 Qb7 17. h3 Be6 18. Na4 Rfd8 19. Rc3 Bd7 20. Bc5 Be8 21. Rc1 Bxc5 22. Nxc5 Qe7 23. Nd3 Rd4 24. Rc5 Nd7 25. Rxc6 Nf8 26. Rc5 f6 27. Ne1 Bf7 28. Nf3 Rd7 29. b3 Rad8 30. Rc8 Be6 31. Rxd8 Qxd8 32. Bf1 Kh8 33. Qc8 Qe7 34. Qc5 Qd8 35. Qc8 Qe7 36. Qa6 g6 37. Kg2 Kg7 38. Qa5 g5 39. Bb5 Rb7 40. Ba6 Rb6 41. Bc8 Bxc8 42. Rxc8 Qb7 43. Qc5 Ne6 44. Qc4 Qd7 45. Nh2 a5 46. Ng4 Rb4 47. Qa6 h5 48. Ne3 Rxe4 49. Nf5+ Kg6 50. Nd6 Rd4 51. Rc6 h4 52. Qb7 Rxd6 53. Qxd7 Rxd7 54. Rxe6 hxg3 55. Kxg3 Rd2 56. a4 Rd3+ 57. Kg2 Rxb3 58. Ra6 Kf5 59. Rxa5 Kf4 60. Rb5 Ra3 61. Rb6 f5 62. Rb4+ e4 63. Rc4 Rb3 64. Rd4 Ke5 65. Rc4 Kd5 66. Rc8 Rb2 67. Kg1 Ke5 68. Kf1 Rb4 69. a5 Rb5 70. a6 Ra5 71. Rc6 Kf4 72. Kg2 Ra2 73. Re6 Ra3 74. Rb6 Ra1 75. Rc6 1/2-1/2

[Event "Golden Cleopatra op 5th"]
[Site "Cairo"]
[Date "2001.05.07"]
[Round "6"]
[White "Komarov, Dimitri"]
[Black "El Ghazali, Youssef M"]
[Result "1-0"]
[WhiteElo "2539"]
[BlackElo "2343"]
[PlyCount "120"]
[EventDate "2001.05.02"]
[EventType "swiss"]
[EventRounds "10"]
[EventCountry "EGY"]
[SourceTitle "CBM 082 Extra"]
[Source "ChessBase"]
[SourceDate "2001.07.03"]
[SourceVersion "1"]
[SourceVersionDate "2001.07.03"]
[SourceQuality "1"]

1. d4 Nf6 2. Nf3 g6 3. c4 Bg7 4. Nc3 d5 5. cxd5 Nxd5 6. e4 Nxc3 7. bxc3 c5 8. Rb1 0-0 9. Be2 Nc6 10. d5 Ne5 11. Nxe5 Bxe5 12. Qd2 Qa5 13. Rb3 Bd7 14. f4 Bg7 15. c4 Qxd2+ 16. Bxd2 Ba4 17. Rxb7 Rfb8 18. Rxb8+ Rxb8 19. Bd1 Rb1 20. Ke2 Bd4 21. Re1 Bxd1+ 22. Rxd1 Rb2 23. a4 Ra2 24. a5 Bc3 25. Ke3 Ra3 26. Bxc3 Rxc3+ 27. Rd3 Rxc4 28. e5 Kf8 29. Rb3 Rd4 30. Rb8+ Kg7 31. Rb7 Rxd5 32. Rxe7 c4 33. Rc7 Rxa5 34. e6 Ra6 35. exf7 Rf6 36. Rxa7 Rxf7 37. Rxf7+ Kxf7 38. g4 Ke6 39. Kd4 h5 40. h3 hxg4 41. hxg4 Kd6 42. Kxc4 Kc6 43. Kd4 Kd6 44. Ke4 Ke6 45. g5 Kd6 46. f5 Ke7 47. f6+ Ke6 48. Kd4 Kf7 49. Kd5 Kf8 50. Ke5 Ke8 51. f7+ Kf8 52. Kd6 Kxf7 53. Kd7 Kf8 54. Ke6 Kg7 55. Ke7 Kg8 56. Kf6 Kh7 57. Kf7 Kh8 58. Kxg6 Kg8 59. Kf6 Kh7 60. Kf7 Kh8 1-0